Introduction to the design & analysis of algorithms / (Record no. 18380)
[ view plain ]
| 000 -LEADER | |
|---|---|
| fixed length control field | 01219cam a22003375a 4500 |
| 001 - CONTROL NUMBER | |
| control field | 015868687 |
| 003 - CONTROL NUMBER IDENTIFIER | |
| control field | OSt |
| 005 - DATE AND TIME OF LATEST TRANSACTION | |
| control field | 20151102150018.0 |
| 008 - FIXED-LENGTH DATA ELEMENTS--GENERAL INFORMATION | |
| fixed length control field | 110810t2012 enka frb 001 0 eng d |
| 020 ## - INTERNATIONAL STANDARD BOOK NUMBER | |
| International Standard Book Number | 9780273764113 (pbk.) |
| 020 ## - INTERNATIONAL STANDARD BOOK NUMBER | |
| International Standard Book Number | 9781783650439 |
| 020 ## - INTERNATIONAL STANDARD BOOK NUMBER | |
| International Standard Book Number | 1783650435 |
| 020 ## - INTERNATIONAL STANDARD BOOK NUMBER | |
| Cancelled/invalid ISBN | 027376411X (pbk.) |
| 040 ## - CATALOGING SOURCE | |
| Original cataloging agency | StDuBDS |
| Language of cataloging | eng |
| Transcribing agency | StDuBDS |
| Modifying agency | Uk |
| -- | EG-ScBUE |
| -- | EG-ScBUE |
| 082 04 - DEWEY DECIMAL CLASSIFICATION NUMBER | |
| Classification number | 005.1 |
| Item number | LEV |
| Edition number | 22 |
| 100 1# - MAIN ENTRY--PERSONAL NAME | |
| Personal name | Levitin, Anany. |
| 9 (RLIN) | 10552 |
| 245 10 - TITLE STATEMENT | |
| Title | Introduction to the design & analysis of algorithms / |
| Statement of responsibility, etc | Anany Levitin ; international edition contributions Soumen Mukherjee, Arup Kumar Bhattacharjee. |
| 246 3# - VARYING FORM OF TITLE | |
| Title proper/short title | Introduction to the design and analysis of algorithms |
| 250 ## - EDITION STATEMENT | |
| Edition statement | 3rd ed., International ed. |
| 260 ## - PUBLICATION, DISTRIBUTION, ETC. (IMPRINT) | |
| Place of publication, distribution, etc | Harlow : |
| Name of publisher, distributor, etc | Pearson Education Limited, |
| Date of publication, distribution, etc | c.2012. |
| 300 ## - PHYSICAL DESCRIPTION | |
| Extent | 589 p. : |
| Other physical details | ill. ; |
| Dimensions | 24 cm. |
| 500 ## - GENERAL NOTE | |
| General note | Index : p. 571-589. |
| 500 ## - GENERAL NOTE | |
| General note | Includes appendixes. |
| 504 ## - BIBLIOGRAPHY, ETC. NOTE | |
| Bibliography, etc | Bibliography : p. 519-528. |
| 650 #0 - SUBJECT ADDED ENTRY--TOPICAL TERM | |
| Topical term or geographic name as entry element | Computer algorithms |
| 9 (RLIN) | 10553 |
| Source of heading or term | BUEsh |
| 651 ## - SUBJECT ADDED ENTRY--GEOGRAPHIC NAME | |
| Source of heading or term | BUEsh |
| 653 ## - INDEX TERM--UNCONTROLLED | |
| Resource For college | Informatics and Computer Science |
| Arrived date list | September2014 |
| -- | June2015 |
| -- | November2015 |
| 700 1# - ADDED ENTRY--PERSONAL NAME | |
| Personal name | Mukherjee, Soumen, |
| Relator term | contributor. |
| 9 (RLIN) | 32792 |
| 700 1# - ADDED ENTRY--PERSONAL NAME | |
| Personal name | Chattopadhyay, Arup Kumar, |
| Relator term | contributor. |
| 9 (RLIN) | 36067 |
| 942 ## - ADDED ENTRY ELEMENTS (KOHA) | |
| Source of classification or shelving scheme | Dewey Decimal Classification |
| Call number prefix | 005.1 LEV |
| Withdrawn status | Item status | Source of classification or shelving scheme | Damaged status | Not for loan | Vendor | Home library | Current library | Shelving location | Date acquired | Source of acquisition | Cost, normal purchase price | Total Checkouts | Full call number | Barcode | Date last seen | Cost, replacement price | Koha item type | Total Renewals | Date last borrowed | Checked out | Serial Enumeration / chronology |
|---|---|---|---|---|---|---|---|---|---|---|---|---|---|---|---|---|---|---|---|---|---|
| Dewey Decimal Classification | Baccah | Central Library | Central Library | Lower Floor | 15/09/2014 | Purchase | 260.00 | 005.1 LEV | 000036101 | 15/07/2025 | 325.00 | NB - Book (Non borrowing) | |||||||||
| Dewey Decimal Classification | Baccah | Central Library | Central Library | Lower Floor | 15/09/2014 | Purchase | 260.00 | 3 | 005.1 LEV | 000036102 | 15/07/2025 | 325.00 | Book - Borrowing | 11 | 31/10/2018 | ||||||
| Dewey Decimal Classification | Baccah | Central Library | Central Library | Lower Floor | 15/09/2014 | Purchase | 260.00 | 4 | 005.1 LEV | 000036103 | 15/07/2025 | 325.00 | Book - Borrowing | 9 | 24/12/2018 | ||||||
| Dewey Decimal Classification | Baccah | Central Library | Central Library | Lower Floor | 15/09/2014 | Purchase | 260.00 | 5 | 005.1 LEV | 000036104 | 15/07/2025 | 325.00 | Book - Borrowing | 29 | 26/11/2017 | ||||||
| Dewey Decimal Classification | Baccah | Central Library | Central Library | Lower Floor | 15/09/2014 | Purchase | 260.00 | 4 | 005.1 LEV | 000036105 | 15/07/2025 | 325.00 | Book - Borrowing | 34 | 20/06/2019 | ||||||
| Dewey Decimal Classification | Baccah | Central Library | Central Library | Lower Floor | 15/09/2014 | Purchase | 260.00 | 1 | 005.1 LEV | 000036106 | 15/07/2025 | 325.00 | Book - Borrowing | 33 | 13/10/2014 | ||||||
| Dewey Decimal Classification | Baccah | Central Library | Central Library | Lower Floor | 15/09/2014 | Purchase | 3 | 005.1 LEV | 000036107 | 15/07/2025 | Book - Borrowing | 34 | 30/09/2018 | ||||||||
| Dewey Decimal Classification | Baccah | Central Library | Central Library | Lower Floor | 15/09/2014 | Purchase | 2 | 005.1 LEV | 000036108 | 15/07/2025 | Book - Borrowing | 1 | 02/12/2014 | ||||||||
| Dewey Decimal Classification | Baccah | Central Library | Central Library | Lower Floor | 15/09/2014 | Purchase | 2 | 005.1 LEV | 000036109 | 18/10/2016 | Book - Borrowing | 2 | 18/10/2016 | 01/01/2018 | |||||||
| Dewey Decimal Classification | Baccah | Central Library | Central Library | Lower Floor | 15/09/2014 | Purchase | 4 | 005.1 LEV | 000036110 | 15/07/2025 | Book - Borrowing | 31 | 01/10/2017 | ||||||||
| Dewey Decimal Classification | Alahram | Central Library | Central Library | Lower Floor | 22/06/2015 | Purchase | 222.00 | 2 | 005.1 LEV | 000038912 | 15/07/2025 | 277.50 | Book - Borrowing | 20/11/2016 | 311 |